00920nam a2200217 i 4500001000300000100001900003245009900022260006900121300004200190490009000232504003100322650002200353650003200375650003500407830007900442040000800521041001100529080002300540008004100563856009800604bg1 aTRZASKA, Maria10aAnaliza zjawisk w procesie spiekania rezystancyjnego prętów wolframowych /cMaria Trzaska. aWarszawa :bOficyna Wydawnicza Politechniki Warszawskiej,c1995. a117 s. :bfot., rys., wykr. ;c24 cm.1 aPrace Naukowe / Politechnika Warszawska. Inżynieria Materiałowa,x1234-5229 ;vz.2 aBibliogr. s.80-84. - Summ. 9aSpiekaniexmetody 9aWolframxmetalurgiaxmetody 9aMetalurgia proszkówxbadanie 0aPrace Naukowe (Politechnika Warszawska).pInżynieria Materiałowa ;vz.2 cBPK0 aplben a621.762:669.24/.29 s pl f |000 0 pol  uhttp://koha.tu.koszalin.pl/cgi-bin/koha/opac-detail.pl?biblionumber=30753yKatalog online BPK